000 01080ngm a22003250a 4500
001 PT42243
003 AR-LpoUNG
005 20210201235926.0
007 vd cvaizq
008 191001s2010||||ag |||||||||||||||||spa d
037 _c$7.50
040 _aAR-LpoUNG
_bspa
_cAR-LpoUNG
_eaacr
041 _aspa
044 _aag
082 0 _a808.068 614adi
245 1 0 _aAdivina qué es con Jess :
_b¿cómo se hace un bote? y otras historias
260 _aBuenos Aires :
_bDifusión,
_c2010.
300 _aDVD (74 min.) : son., col.
520 _aPrograma basado en el aprendizaje a través de las preguntas, dirigido a niños de dos a cinco años de edad. Jess y sus amigos buscan respuestas a preguntas acerca del mundo que los rodea, tal como lo hace un niño en la vida real.
651 4 _aDOCUMENTOS TEORICOS O METODOLOGICOS
653 _aANIMACION
653 _aANIMACION
653 _aDVD
653 _aVIDEOS
653 _aVIDEOS DIDACTICOS
653 _aVIDEOS INFANTILES
710 2 _aClassic Media Group (Reino Unido)
905 _a42243
942 _cDVD
999 _c53785
_d53785